Transaction processing : concepts and techniques /
Guardado en:
| Autor Principal: | |
|---|---|
| Otros Autores: | |
| Formato: | Libro |
| Idioma: | English |
| Publicado: |
San Mateo, Calif. :
Morgan Kaufmann Publishers,
c1993.
|
| Series: | The Morgan Kaufmann series in data management systems
|
| Materias: | |
| Acceso en línea: | Publisher description Table of contents |
| Etiquetas: |
Agregar Etiqueta
Sin Etiquetas, Sea el primero en etiquetar este registro!
|
| LEADER | 01004cam a2200253 a 4500 | ||
|---|---|---|---|
| 001 | DCC.dcic000368 | ||
| 008 | 920709s1993####caua#####b####001#0#eng## | ||
| 005 | 20151123151004.0 | ||
| 245 | 1 | 0 | |a Transaction processing : |b concepts and techniques / |c Jim Gray, Andreas Reuter. |
| 260 | |a San Mateo, Calif. : |b Morgan Kaufmann Publishers, |c c1993. | ||
| 300 | |a xxxii, 1070 p. : |b il. ; |c 25 cm. | ||
| 440 | 4 | |a The Morgan Kaufmann series in data management systems | |
| 504 | |a Incluye referencias bibliográficas (p. 975-992) e índice. | ||
| 020 | |a 1558601902 | ||
| 100 | 1 | |a Gray, Jim, |d 1944- | |
| 700 | 1 | |a Reuter, A. |q (Andreas) | |
| 082 | 0 | 0 | |a 004/.33 |2 20 |
| 650 | 0 | |a Transaction systems (Computer systems) | |
| 010 | |a 92025954 | ||
| 040 | |a DLC |c DLC |d DLC | ||
| 050 | 0 | 0 | |a QA76.545 |b .G73 1993 |
| 856 | 4 | 2 | |3 Publisher description |u http://www.loc.gov/catdir/description/els032/92025954.html |
| 856 | 4 | 1 | |3 Table of contents |u http://www.loc.gov/catdir/toc/els032/92025954.html |
| 859 | |a DCIC |b BIB. COMPUTACION |p 0438 | ||
